<?xml version="1.0" encoding="UTF-8"?>
<record
    xmlns:xsi="http://www.w3.org/2001/XMLSchema-instance"
    xsi:schemaLocation="http://www.loc.gov/MARC21/slim http://www.loc.gov/standards/marcxml/schema/MARC21slim.xsd"
    xmlns="http://www.loc.gov/MARC21/slim">

  <leader>02175nam a2200385 c 4500</leader>
  <controlfield tag="001">60253</controlfield>
  <controlfield tag="003">CO-BoRNBP</controlfield>
  <controlfield tag="005">20251218201846.0</controlfield>
  <controlfield tag="007">ta</controlfield>
  <controlfield tag="008">091229s2006    ck a|||grb    000 0dspa d</controlfield>
  <datafield tag="020" ind1=" " ind2=" ">
    <subfield code="a">9789588293219</subfield>
  </datafield>
  <datafield tag="040" ind1=" " ind2=" ">
    <subfield code="a">CO-BoRNBP</subfield>
    <subfield code="b">spa</subfield>
    <subfield code="e">rda</subfield>
    <subfield code="c">CO-BoRNBP</subfield>
  </datafield>
  <datafield tag="041" ind1="0" ind2=" ">
    <subfield code="h">spa</subfield>
  </datafield>
  <datafield tag="043" ind1=" " ind2=" ">
    <subfield code="a">ck</subfield>
  </datafield>
  <datafield tag="082" ind1="0" ind2="4">
    <subfield code="a">070.44</subfield>
    <subfield code="b">G17p</subfield>
  </datafield>
  <datafield tag="084" ind1=" " ind2=" ">
    <subfield code="a">0</subfield>
  </datafield>
  <datafield tag="100" ind1="1" ind2="0">
    <subfield code="a">Garc&#xED;a, Alvaro.</subfield>
    <subfield code="e">aut</subfield>
    <subfield code="9">2601</subfield>
  </datafield>
  <datafield tag="245" ind1="1" ind2="0">
    <subfield code="a">Primera l&#xED;nea :</subfield>
    <subfield code="b">Entrevistas en RCN /</subfield>
    <subfield code="c">Alvaro Garc&#xED;a ; edici&#xF3;n de Benjam&#xED;n Villegas Jim&#xE9;nez.</subfield>
  </datafield>
  <datafield tag="250" ind1=" " ind2=" ">
    <subfield code="a">1a. ed.</subfield>
  </datafield>
  <datafield tag="264" ind1=" " ind2="1">
    <subfield code="a">Bogot&#xE1;, Colombia :</subfield>
    <subfield code="b">Villegas Editores,</subfield>
    <subfield code="c">2006</subfield>
  </datafield>
  <datafield tag="300" ind1=" " ind2=" ">
    <subfield code="a">402 p&#xE1;ginas</subfield>
  </datafield>
  <datafield tag="336" ind1=" " ind2=" ">
    <subfield code="a">texto</subfield>
    <subfield code="b">txt</subfield>
    <subfield code="2">rdacontenido</subfield>
  </datafield>
  <datafield tag="337" ind1=" " ind2=" ">
    <subfield code="a">sin mediaci&#xF3;n</subfield>
    <subfield code="b">n</subfield>
    <subfield code="2">rdamedio</subfield>
  </datafield>
  <datafield tag="338" ind1=" " ind2=" ">
    <subfield code="a">volumen</subfield>
    <subfield code="b">nc</subfield>
    <subfield code="2">rdasoporte</subfield>
  </datafield>
  <datafield tag="490" ind1="0" ind2=" ">
    <subfield code="a">Colecci&#xF3;n dorada. Inter&#xE9;s general</subfield>
  </datafield>
  <datafield tag="490" ind1="0" ind2=" ">
    <subfield code="a">Villegas periodismo</subfield>
  </datafield>
  <datafield tag="505" ind1="0" ind2=" ">
    <subfield code="a">Muhammad Yunus. -- Rodolfo Llin&#xE1;s. -- Jos&#xE9; Luis Cuevas . -- C&#xE9;sar Rinc&#xF3;n. -- Jos&#xE9; Mar&#xED;a Aznar. -- Fernando Botero. -- Dalai Lama. -- Antonio Sk&#xE1;rmeta. -- Juan Pablo Montoya. -- Barbet Schoeder. -- Andr&#xE9;s L&#xF3;pez. -- Guillermo Kuitca. -- Enrique Vila-Matas. -- Alfonso L&#xF3;pez Michelsen. -- Naomi Campbell. -- Diego Armando Maradona. -- Diomedes D&#xED;az. -- Javier Cercas. -- Luis Fernando Montoya. -- Michelle Bachelet. -- Pirry. -- Ernesto B&#xE1;ez. -- Fernando Savater. -- Emilio Azc&#xE1;rraga. -- Alfonso L&#xF3;pez Trujillo. -- V&#xED;ctor Gaviria. -- &#xC1;lvaro Uribe V&#xE9;lez. -- Deepak Chopra. --  Juan Gossa&#xED;n. -- Juanes</subfield>
  </datafield>
  <datafield tag="520" ind1=" " ind2=" ">
    <subfield code="a">Recopilando las mejores 30 entrevistas del programa Primera L&#xED;nea, esta antolog&#xED;a ofrece un recorrido a trav&#xE9;s de la cultura hispana. Con una facilidad para rastrear las huellas &#xED;ntimas de los entrevistados y con una personalidad que incita a la conversaci&#xF3;n, Garc&#xED;a ha obtenido unas revelaciones memorables y se ha situado en un lugar de privilegio dentro del reciente panorama del periodismo latinoamericano</subfield>
  </datafield>
  <datafield tag="650" ind1="0" ind2="7">
    <subfield code="a">Personajes celebres</subfield>
    <subfield code="2">lemb</subfield>
    <subfield code="9">2604</subfield>
  </datafield>
  <datafield tag="650" ind1="0" ind2="7">
    <subfield code="a">Personajes colombianos</subfield>
    <subfield code="v">Entrevistas</subfield>
    <subfield code="2">lemb</subfield>
    <subfield code="9">2602</subfield>
  </datafield>
  <datafield tag="650" ind1="0" ind2="7">
    <subfield code="a">Pol&#xED;ticos colombianos</subfield>
    <subfield code="2">lemb</subfield>
    <subfield code="9">2603</subfield>
  </datafield>
  <datafield tag="700" ind1="1" ind2=" ">
    <subfield code="a">Villegas Jim&#xE9;nez, Benjam&#xED;n,</subfield>
    <subfield code="d">1948-</subfield>
    <subfield code="e">edt</subfield>
    <subfield code="9">685</subfield>
  </datafield>
  <datafield tag="942" ind1=" " ind2=" ">
    <subfield code="2">ddc</subfield>
    <subfield code="c">BK</subfield>
  </datafield>
  <datafield tag="949" ind1=" " ind2=" ">
    <subfield code="a">c</subfield>
    <subfield code="b">c</subfield>
  </datafield>
  <datafield tag="999" ind1=" " ind2=" ">
    <subfield code="c">60253</subfield>
    <subfield code="d">60253</subfield>
  </datafield>
  <datafield tag="952" ind1=" " ind2=" ">
    <subfield code="0">0</subfield>
    <subfield code="1">0</subfield>
    <subfield code="2">ddc</subfield>
    <subfield code="4">0</subfield>
    <subfield code="7">0</subfield>
    <subfield code="8">001</subfield>
    <subfield code="a">MESGUARO</subfield>
    <subfield code="b">MESGUARO</subfield>
    <subfield code="c">GEN</subfield>
    <subfield code="d">2025-12-18</subfield>
    <subfield code="l">0</subfield>
    <subfield code="o">070.44 G17p</subfield>
    <subfield code="p">SG02604</subfield>
    <subfield code="r">2025-12-18 20:19:43</subfield>
    <subfield code="t">Ej.1</subfield>
    <subfield code="w">2025-12-18</subfield>
    <subfield code="y">BK</subfield>
  </datafield>
</record>
